Արվեստի մասին = (Record no. 116247)
[ view plain ]
| 000 -LEADER | |
|---|---|
| fixed length control field | 01360nam a2200289 a 4500 |
| 003 - CONTROL NUMBER IDENTIFIER | |
| control field | AM-YeHGA |
| 005 - DATE AND TIME OF LATEST TRANSACTION | |
| control field | 20250618072010.0 |
| 008 - FIXED-LENGTH DATA ELEMENTS--GENERAL INFORMATION | |
| fixed length control field | 040301s1977 ai ||||gr|||||||||||arm|d |
| 040 ## - CATALOGING SOURCE | |
| Original cataloging agency | AM-YeHGA |
| 041 0# - LANGUAGE CODE | |
| Language code of text/sound track or separate title | arm |
| 090 ## - LOCALLY ASSIGNED LC-TYPE CALL NUMBER (OCLC); LOCAL CALL NUMBER (RLIN) | |
| -- | 117593 |
| 100 1# - MAIN ENTRY--PERSONAL NAME | |
| Personal name | Իսահակյան, Ավետիք Սահակի, |
| Dates associated with a name | 1875-1957 |
| 9 (RLIN) | 963 |
| 245 10 - TITLE STATEMENT | |
| Title | Արվեստի մասին = |
| Remainder of title | Об искусстве / |
| Statement of responsibility, etc. | Ավ. Իսահակյան ; Կազմ. և տեքստը պատր. և ծանոթագր. ՝ Ա. Ինճիկյան ; Խմբ.՝ Էդ. Ջրբաշյան ; ՀՍՍՀ ԳԱ, Արվեստի ին-տ. |
| 246 31 - VARYING FORM OF TITLE | |
| Title proper/short title | Об искусстве |
| 260 ## - PUBLICATION, DISTRIBUTION, ETC. | |
| Place of publication, distribution, etc. | Երևան : |
| Name of publisher, distributor, etc. | ՀՍՍՌ ԳԱ հրատ, |
| Date of publication, distribution, etc. | 1977. |
| 300 ## - PHYSICAL DESCRIPTION | |
| Extent | 200 էջ : |
| Other physical details | 4 ներդ. թ. նկ. ; |
| Dimensions | 20 սմ. |
| 504 ## - BIBLIOGRAPHY, ETC. NOTE | |
| Bibliography, etc. note | Ծանոթագր., էջ՝ 187-193 |
| 504 ## - BIBLIOGRAPHY, ETC. NOTE | |
| Bibliography, etc. note | Ցանկ, էջ՝ 194-197 |
| 600 14 - SUBJECT ADDED ENTRY--PERSONAL NAME | |
| Personal name | Իսահակյան, Ավետիք Սահակի, |
| Dates associated with a name | 1875-1957 |
| 9 (RLIN) | 963 |
| 650 14 - SUBJECT ADDED ENTRY--TOPICAL TERM | |
| Topical term or geographic name entry element | Արվեստ |
| 650 14 - SUBJECT ADDED ENTRY--TOPICAL TERM | |
| Topical term or geographic name entry element | Հայ գրականություն |
| 700 1# - ADDED ENTRY--PERSONAL NAME | |
| Personal name | Ինճիկյան, Արամ Մկրտչի, |
| Dates associated with a name | 1910-1975 |
| Relator term | կազմ. |
| Relationship | edt |
| 9 (RLIN) | 2532 |
| 700 1# - ADDED ENTRY--PERSONAL NAME | |
| Personal name | Ջրբաշյան, Էդվարդ Մկրտչի, |
| Dates associated with a name | 1923-1999 |
| Relator term | խմբ. |
| Relationship | edt |
| 9 (RLIN) | 108 |
| 710 2# - ADDED ENTRY--CORPORATE NAME | |
| Corporate name or jurisdiction name as entry element | Արվեստի ինստիտուտ ՀՀ ԳԱԱ |
| 9 (RLIN) | 5751 |
| 856 4# - ELECTRONIC LOCATION AND ACCESS | |
| Uniform Resource Identifier | <a href="https://arar.sci.am/dlibra/publication/340984/edition/312715/content">https://arar.sci.am/dlibra/publication/340984/edition/312715/content</a> |
| Link text | Կարդալ առցանց |
| 942 ## - ADDED ENTRY ELEMENTS (KOHA) | |
| Source of classification or shelving scheme | Universal Decimal Classification |
| Koha item type | Գրքեր / Books |
| Withdrawn status | Lost status | Source of classification or shelving scheme | Damaged status | Not for loan | Collection | Home library | Current library | Date acquired | Total checkouts | Full call number | Barcode | Date last seen | Price effective from | Koha item type | Public note |
|---|---|---|---|---|---|---|---|---|---|---|---|---|---|---|---|
| Universal Decimal Classification | General | Fundamental Scientific Library | Fundamental Scientific Library | 22/12/2016 | AII/58786 | 220058786 | 22/12/2016 | 22/12/2016 | Գրքեր / Books | 30 Days Loan | |||||
| Universal Decimal Classification | General | Fundamental Scientific Library | Fundamental Scientific Library | 22/12/2016 | AII/59398 | 220059398 | 22/12/2016 | 22/12/2016 | Գրքեր / Books | 30 Days Loan | |||||
| Universal Decimal Classification | General | Fundamental Scientific Library | Fundamental Scientific Library | 22/12/2016 | AII/59399 | 220059399 | 22/12/2016 | 22/12/2016 | Գրքեր / Books | 30 Days Loan |
ՀՀ Գիտությունների ազգային ակադեմիայի հիմնարար գիտական գրադարան = Fundamental Scientific Library of NAS RA
All site content, except where otherwise noted, is licensed under a